000 00620nam a2200205 i 4500
001 91749
003 ES-MaACL
005 20250811063141.0
007 t|
008 050211s1919 sp ||||1| spa d
080 _a821.134.2-32"19"
100 1 _aDíez de Tejada, Vicente,
_d1872-1940
_944715
245 1 0 _aTántalo
_b: novela inédita /
_cVicente Díez de Tejada.
260 _aMadrid :
_bLa Novela Corta,
_c1919.
300 _a[20] p. ;
_c20 cm.
490 1 _aLa novela corta ;
_v158
830 0 _aLa novela corta ;
_v158
_9182142
852 _aES-MaACL
_j2185-F-19
_bR.135441
999 _c91749
_d91749